000 00486nam a2200157Ia 4500
005 20250423100455.0
008 250422s9999 xx 000 0 und d
020 _a0718728908
050 _aRJ 48 .P427/
245 0 _aPediatric primary care : ill-child care
260 _aPhiladelphia
260 _bLippincott Williams & Wilkins
300 _a368 p
650 _aPediatrics_Handbooks, manuals, etc. Primary care (Medicine)_Handbooks, manuals, etc. Electronic books.
942 _cBK
999 _c33413
_d33413